Kódovanie tovaru bakalárska práca

Guardado en:
Detalles Bibliográficos
Autor principal: Simon, Michal
Autor Corporativo: Obchodná fakulta EU. Katedra tovaroznalectva a kvality tovaru
Otros Autores: Kačeňák, Igor
Formato: Libro
Lenguaje:eslovaco
Publicado: Bratislava 2011
Etiquetas: Agregar Etiqueta
Sin Etiquetas, Sea el primero en etiquetar este registro!

MARC

LEADER 00000nam a2200000 4500
001 0151912
005 20240320072039.8
041 0 |a slo 
044 |a SK 
245 1 0 |a Kódovanie tovaru  |b bakalárska práca  |c Michal Simon ; školiteľ: Igor Kačeňák 
264 1 |a Bratislava  |c 2011 
300 |a 62 s. 
100 1 |a Simon, Michal 
700 1 |a Kačeňák, Igor 
710 2 |a Obchodná fakulta EU. Katedra tovaroznalectva a kvality tovaru